000 00645nam a2200181Ia 4500
008 090630s9999 xx 000 0 und d
082 _b16092
100 _aडॉ. दुर्गे वि. गो.
245 _aअद्रभूत लोककथा.
_cडॉ. दुर्गे वि. गो.
260 _bरेणुका.
300 _a48
600 _aडॉ. दुर्गे वि. गो.
630 _aअद्रभूत लोककथा.
655 _aबालवाङमय.
700 _aडॉ. दुर्गे वि. गो.
730 _aअद्रभूत लोककथा.
942 _cBOOK
999 _c267948
_d267948